000 00562nam a2200241Ia 4500
008 210210b2006 xxu||||| |||| 00| 0 eng d
020 _a8122414877
041 _aeng
082 _a574.87 RASC
100 _aRASTOGI (S C)
245 _aCell and molecular biology Ed 2
250 _a
260 _aNew Delhi
_bNew Age International (P) Limited, Publishers
_c2006
300 _axiv,633
650 _amolecular
650 _aEd
650 _aCell
650 _abiology
650 _aand
650 _a2
690 _aCell Biology
906 _a062428
999 _c117541
_d117541